| 000 | 00847nam a22002177a 4500 | ||
|---|---|---|---|
| 082 |
_a297.641 _bNAD _cM |
||
| 100 |
_aNadvi, Al Haj Mulana Shah Moin ud din ahmad _951112 |
||
| 245 |
_aسیرا الصحابہرضی الله عنہم _bسیر مہاجرین رضی الله عنہم |
||
| 260 |
_aKarachi, _bDarul Ishat, _c2004. |
||
| 300 | _a296p.607p.599p.499p.592p.477p.470p.436p.373p.408p. | ||
| 526 |
_a0 _b0 _c0 _d297_641000000000000_NAD |
||
| 526 |
_a0 _b0 _c0 _d297_641000000000000_NAD |
||
| 526 |
_a0 _b0 _c0 _d297_641000000000000_NAD |
||
| 526 |
_a0 _b0 _c0 _d297_641000000000000_NAD |
||
| 526 |
_a0 _b0 _c0 _d297_641000000000000_NAD |
||
| 526 |
_a0 _b0 _c0 _d297_641000000000000_NAD |
||
| 526 |
_a0 _b0 _c0 _d297_641000000000000_NAD |
||
| 526 |
_a0 _b0 _c0 _d297_641000000000000_NAD |
||
| 526 |
_a0 _b0 _c0 _d297_641000000000000_NAD |
||
| 942 |
_2ddc _cBK |
||
| 999 |
_c553864 _d553864 |
||